| 000 | 00531nam a2200181Ia 4500 | ||
|---|---|---|---|
| 005 | 20250508162152.0 | ||
| 008 | 008 250505s9999 xx 000 0 eng d | ||
| 037 | _aBooks to be hide in OPAC | ||
| 040 |
_aFEDL _beng _cFEDL |
||
| 041 |
_aeng _2eng |
||
| 084 |
_a330.122, STR/O _qFEDL |
||
| 100 | _aStretton Hugh | ||
| 245 | 0 | _aCapitalism, socialism and the environment | |
| 260 |
_aLondon, UK _bCambridge University Press _c1977 |
||
| 300 | _a332p. | ||
| 942 |
_cHB _h330.122, STR/O |
||
| 999 |
_c1374786 _d1374786 |
||